| 000 | 00519nam a22001937a 4500 | ||
|---|---|---|---|
| 005 | 20180724171936.0 | ||
| 010 | _aB-163028 | ||
| 020 |
_a8172450516 _c50.00 |
||
| 035 | _aB-163028 | ||
| 037 | _bGoodwill Publishing House | ||
| 082 | _a808.4 | ||
| 100 | _aKishore, B.R. | ||
| 245 |
_aTop school essay _cB.R. Kishore |
||
| 260 |
_aNew Delhi _bGoodwill Publishing House |
||
| 270 |
_bNew Delhi _e110008 |
||
| 300 |
_a193p. _c21cm. |
||
| 942 |
_2ddc _cEN _h808.4 _mKIS |
||
| 999 |
_c154761 _d154761 |
||